Une lettre suffit pour répondre juste #85 (attention 10 lettres tuent) - Statistiques

Statistiques générales
  • Ce quiz a été pris 141 fois
  • Le résultat moyen est 2 sur 6
Statistiques - réponses
Hint Réponse % Correct
Donne une des 5 lettres de la traduction d'escargot en anglais SNAIL
100%
Donne une des 4 lettres de la plus grande ville d'Irlande de 4 lettres CORK
52%
Donne une des 3 lettres qui compose le nom de la série TV de 60 épisodes de 5 minutes (en 2013) dans laquelle Pascal Légitimus joue un directeur : _ _ _Cette série fait référence à l'abrégé d'un site internet très consulté qui recense des anecdotes de quelques phrases racontant les désagréments de la vie quotidienne.
VDM
27%
Donne une des 2 lettres qui complète le nom de ce film de 2008 : Kung _ _ Panda
FU
26%
Donne la lettre qui est présente 3 fois (dont au début et à la fin) dans le nom de cet arbre tropical qui pousse dans la savane, résiste à des chaleurs intenses, peut vivre très vieux et mesurer jusqu'à 40 m de hauteur.
B (BAOBAB)
25%
Donne la première lettre du titre de ce film en version originale :
J (Jaws)
14%
Aucun quiz correspondant
Distribution des résultats
% des personnes avec chaque résultat
Percentile par nombre de réponses
Votre historique - résultats
Vous n’avez pas pris ce quiz